000 00253nam a22001097a 4500
082 _a792 CAM'T
100 _aBARNES & NOBLE,CAMERSON, K. M
_959471
245 _aART AND ANATOMY
260 _aNEWYORK
_bBARNES & NOBLE
_c1946
300 _a80P
942 _cBK
999 _c569443
_d569443